| 000 | 00603nam a2200181Ia 4500 | ||
|---|---|---|---|
| 008 | 100917s9999 xx 000 0 und d | ||
| 082 | _b11336 | ||
| 100 | _aमतकरी रामन | ||
| 245 | _aदिग्विजयी भारत सेना | ||
| 260 |
_bजगताप कारले प्रकाशन _c1972 |
||
| 300 | _a64 | ||
| 365 | _b2 | ||
| 520 | _aबालविभाग | ||
| 630 | _aदिग्विजयी भारत सेना | ||
| 650 | _aबालविभाग | ||
| 730 | _aदिग्विजयी भारत सेना | ||
| 942 | _cBOOK | ||
| 999 |
_c616730 _d616727 |
||